IFM Opac

REAL-TIME B XCCC BV MMMMMMMMMMMMM BBBBBBBBBBBB REAL -TIME REAL REAL-TIME COMPUTER SYSTEMS COMPUTER (Record no. 16856)

MARC details
000 -LEADER
fixed length control field 01694nam a22001217a 4500
020 ## - INTERNATIONAL STANDARD BOOK NUMBER
International Standard Book Number 0844810033
082 ## - DEWEY DECIMAL CLASSIFICATION NUMBER
Classification number 001.61 FRE
100 ## - MAIN ENTRY--PERSONAL NAME
Personal name FREEDMAN,A.L
245 ## - TITLE STATEMENT
Title REAL-TIME B XCCC BV MMMMMMMMMMMMM BBBBBBBBBBBB REAL -TIME REAL REAL-TIME COMPUTER SYSTEMS COMPUTER
260 ## - PUBLICATION, DISTRIBUTION, ETC.
Place of publication, distribution, etc. LONDON
Name of publisher, distributor, etc. BRITAIN
Date of publication, distribution, etc. 1977
300 ## - PHYSICAL DESCRIPTION
Extent vii,277p.
Other physical details 23cm.
942 ## - ADDED ENTRY ELEMENTS (KOHA)
Koha item type Books
Holdings
Withdrawn status Lost status Damaged status Not for loan Home library Current library Shelving location Date acquired Total Checkouts Full call number Barcode Date last seen Price effective from Koha item type
Withdrawn       IFM Main Campus Library IFM Main Campus Library Archival Collection 10/07/2016   001.61 FRE 0000006783 10/07/2016 02/19/2022 Books